| 000 | 00636nam a2200205 a 4500 | ||
|---|---|---|---|
| 001 | 000022799 | ||
| 005 | 20200930021813.0 | ||
| 008 | 101118s1989 cu a r 000 0 spa d | ||
| 040 |
_aDO-SdBNP _bspa _cBNPHU |
||
| 082 |
_axxxx _bP949n |
||
| 100 | 1 |
_aPietro, Abel E. _946840 |
|
| 245 | 1 | 0 |
_aNoche de sábado / _cAbel E. Pietro ; edición Ana M. Muñoz Bachs. |
| 260 |
_aLa habana : _bLetras Cubanas, _c1989. |
||
| 300 |
_a165 p. : _bil. ; _c19 cm. |
||
| 490 | 1 | _aGiraldilla | |
| 500 | _aIncluye biografía del autor en la contra cubierta. | ||
| 700 | 1 |
_aMuñoz Bachs, Ana M. _eed. _924535 |
|
| 830 | 0 |
_aGiraldilla _98904 |
|
| 049 | _aBNGR | ||
| 999 |
_c22296 _d22296 |
||